000 01233nam a22003855b 4500
001 004125
003 DO-SdBNP
005 20180130094931.0
007 004125
008 940906r1993 sp | |||| ||spa
016 7 _a
_2BPMSU
017 _a
_b
020 _a8434823624
035 _a
040 _aBPMSU
_bspa
_cBPMSU
_e
041 1 _aspa
_h
080 0 _a
082 _a869.3
_bV665r 1993
100 1 _aVieira, Alice
_d1943-
240 1 0 _aRosa, minha irmà Rosa
_lEspañol
245 1 _aRosa, mi hermana Rosa /
_cAlice Vieira ; traducción del portugués, Maribel López Habela y José Antonio Barruso Ovejero ; ilustraciones, Javier Vázquez
_h
250 _a5ª ed.
260 _aMadrid :
_bEdiciones SM,
_c1993
300 _a114 p. :
_bil.;
_c20 cm
490 _aEl barco de vapor.;
_a Serie roja,
_v44
650 _aCUENTOS INFANTILES PORTUGUESES
651 _aPORTUGAL
_vCUENTOS INFANTILES
_xHISTORIA
700 1 _aLópez Habela, Maribel
700 1 _aBarruso Ovejero, José Antonio
700 1 _aVázquez, Javier
_d1959-
830 _a El barco de vapor.;
_pSerie roja,
_v44
942 _2ddc
_cBK
945 _aInventariado, 2018 / BT
956 _aVMATEO
_b10
_c20161021
_dBPMSU
_f0069
_2
_3
999 _c11650
_d11650